ASEAN Valuers Congress (4th:1987 Aug 19-22:Thailand) (Working papers)

Bibliographic Details
Format: Book

MARC

LEADER 00000cam a2200000 7i4500
001 0000006192
005 20000214.0
040 |a INS 
090 0 0 |a S10 
245 0 0 |a ASEAN Valuers Congress (4th:1987 Aug 19-22:Thailand) (Working papers) 
999 |a S000000004   |b BOOK   |c Seminar   |e Default branch